Представление документа в формате RUSMARC

ПолеНазваниеЗначение
  Тип записи a
  Библиографический уровень a
001 Контрольный номер RU/CBS_UL/BASE/ca1a54081db64d79b94cc750fa9d2b10
005 Дата корректировки 20260219165442.3
100 Данные общей обработки __
a Данные общей обработки 20260219 ||| 0rusy0189 ca
101 Язык документа 0_
a Язык текста rus
102 Страна публикации __
a Страна публикации RU
200 Заглавие и сведения об ответственности 1_
a Заглавие Рифмы детства
e Сведения, относящиеся к заглавию [120 лет со дня рождения детской поэтессы А. Л. Барто]
f Первые сведения об ответственности О. Назаренко
461 Уровень набора _0
1 2000
a Честь Отечества
463 Уровень физической единицы _0
1 2000
a № 1-2
v С. 26-27 : фото
1 2101
d 2026
1 001RU/CBS_UL/BASE/84d1925e5ac146458e290c11b6276ba6
600 Персоналии _1
a Персоналии (Фамилия) Барто
b Персоналии (Имя, инициалы) А. Л.
606 Тематические рубрики 0_
a Основная рубрика Барто, Агния Львовна (1906-1981)
610 Ключевые слова 0_
a Ключевые слова поэтессы
610 Ключевые слова 0_
a Ключевые слова детские поэтессы
610 Ключевые слова 0_
a Ключевые слова поэтессы детские
610 Ключевые слова 0_
a Ключевые слова советские детские поэтессы
610 Ключевые слова 0_
a Ключевые слова классики детской литературы
686 Индексы других классификаций __
2 Код системы rubbk
a Классификационный индекс 83.3(2Рос=Рус)6
700 Автор _1
a Фамилия Назаренко
b Имя (инициалы) О.
801 Источник записи _0
a Страна RU
b Организация МБУК ЦБС г. Ульяновска
c Дата составления 20260219
g Правила каталогизации RCR
801 Источник записи _1
a Страна RU
b Организация МБУК ЦБС г. Ульяновска
c Дата составления 20260219
g Правила каталогизации RCR
901 Тип документа __
t Тип документа b
w Контрольный № источника RU/CBS_UL/BASE/84d1925e5ac146458e290c11b6276ba6
909 Создатель записи __
a Создатель записи lib2